Statistics for 1938 FIFA World Cup Results

Click here to take the quiz!

General Stats

  • This quiz has been taken 2,293 times
  • The average score is 11 of 15

Answers on the Map

Answers color-coded by a green-red scale on the quiz's map according to % correct below.
 

Answer Stats

Nation% Correct
Brazil
96%
Italy
96%
France
95%
Germany
92%
Hungary
82%
Sweden
79%
Czechoslovakia
74%
Netherlands
74%
Belgium
73%
Switzerland
70%
Poland
66%
Romania
65%
Norway
48%
Cuba
37%
Dutch East Indies
30%

Score Distribution

Percentile by Number Answered

Percent of People with Each Score

Your Score History

You have not taken this quiz